Beberapa masalah utama dalam tasawuf
| Main Author: | |
|---|---|
| Format: | Book |
| Published: |
Kuala Lumpur :
Bahagian Hal Ehwal Islam,Jabatan Perdana Menteri ,
1992
|
| Subjects: |
MARC
| LEADER | 00000cam a2200000 7i4500 | ||
|---|---|---|---|
| 001 | 0000001352 | ||
| 005 | 20050628.0 | ||
| 040 | |a INS | ||
| 090 | 0 | 0 | |a BP189. |b A 1992 |
| 100 | 0 | |a Abdul Fattah Ibrahim |f Prof.Madya | |
| 245 | 1 | 0 | |a Beberapa masalah utama dalam tasawuf |c Prof.Madya Abdul Fattah Ibrahim |
| 260 | |a Kuala Lumpur : |b Bahagian Hal Ehwal Islam,Jabatan Perdana Menteri , |c 1992 | ||
| 300 | |a 47p ; |c 22cm. | ||
| 650 | 0 | 0 | |a Mysticism |x Islam |
| 999 | |a 0000004817 |b BOOK |c Open Shelf |e Default branch | ||